000 00206 a2200109 4500
020 _a9780060196097
041 _aeng
100 _aLisa Scottoline
245 _aMoment of Truth
942 _cBK
952 _74
999 _c16558
_d16558